Guess the Taylor Swift Track 5 songs - Statistics

General Stats
  • This quiz has been taken 104 times
  • The average score is 9 of 10
Answer Stats
Album Answer % Correct
Red All Too Well
95%
Lover The Archer
94%
1989 All You Had To Do Was Stay
91%
Speak Now Dear John
91%
Reputation Delicate
91%
Midnights You're On Your Own, Kid
90%
Folklore my tears ricochet
89%
Evermore tolerate it
88%
Fearless White Horse
84%
Debut/Taylor Swift Cold As You
78%
No matching quizzes found
Score Distribution
Percent of People with Each Score
Percentile by Number Answered
Your Score History
You have not taken this quiz